000 00446nam a2200181Ia 4500
003 GCL
008 140319s9999 xx 000 0 eng d
040 _aGCL /
_cGCL
082 0 4 _a843
_bG C
100 1 _aGARY, ROMAIN
245 1 0 _aLES CERFS-VOLANTS /
_cGARY, ROMAIN
260 _a[S.N] :
_bGALLIMARD ،
_c1994
300 _a369 P
490 _aCOLLECTION FOLIO
_v0
650 0 4 _aLITERATURE
650 0 4 _aFRENCH LITERATURE
942 _2ddc
_cBK
999 _c23441
_d23441